000 00433nam a2200181Ia 4500
001 16211
005 20260306170253.0
008 260306t2014||||xx |||||||||||||| ||und||
041 _aESP
082 _a347.4
_bP75
100 _aPolanco Gutiérrez, Carlos E.
_eAUT
245 0 _aEl contrato de compraventa
260 _c2014
300 _a248 páginas :
_c23 cm.
650 _aGEN
654 _aCDE
942 _cLIB
_dJUS
_fJUS
_2ddc
_n
999 _c16211
_d16211